00481nam a2200181 a 4500001001300000003000900013005001700022008004100039020001000080082001600090100002500106245006200131260003400193300000900227500003500236505001000271650001800281nice12345678IN_TiNIC20260116011322.0050524s1918 oxfa grp 000 0 eng  ac10000a891.71bLYA aLyall, Charles James aMufaddaliyatb an Anthology of Ancient Arabian Odes Vol.2 aOxfordbClarendon Pressc1918 a389p aincludes index and biblioraphy2 aIndex aArabic-Poetry